000 00885nam a2200265Ia 4500
003 OSt
005 20220930080831.0
006 a|||||r|||| 00| 0
007 ta
008 220926b |||||||| |||| 00| 0 eng d
024 _a95381
037 _cTheses
040 _aCRL
_cCRL
_beng
041 _2eng
_aeng
100 _aSarah Ralte
_9539959
110 _aUniversity of Delhi. Faculty of Medical Sciences. Department of Anatomy
245 0 _aEffects of bisphosphonate on the metaphysis of tibia in albino rats
_b a histomorphometric study
260 _c2007
650 _aANATOMY
700 _a Dr. kamlesh Khatri Gu.
_9538490
700 _a Dr. Mahindra Nagar Gu.
_9539960
700 _aUniversity of Delhi. Faculty of Medical Sciences. Department of Anatomy
942 _cDIS
_2CC
999 _c870501
_d870501